Insurgency Sandstorm All Maps, Modes, Fire Support - Statistics

General Stats
  • This quiz has been taken 19 times
  • The average score is 15 of 38
Answer Stats
Maps % Correct
Chemical Mortar Fire Support - Insurgents
78%
Explosive Mortar Fire Support - Insurgents
78%
Helicopter Gunship Fire Support - Security
78%
Crossing Maps
67%
Minigun Support Fire Support - Security
67%
Push Gamemodes - Versus
67%
Smoke Mortar Fire Support - Insurgents
67%
Bomber Drones Fire Support - Insurgents
56%
Checkpoint Gamemodes - Coop
56%
Explosive Artillery Fire Support - Security
56%
Explosive Drone Fire Support - Insurgents
56%
Frontline Gamemodes - Versus
56%
Rocket Barrage Fire Support - Insurgents
56%
Smoke Artillery Fire Support - Security
56%
Autocannon Strafe Fire Support - Security
44%
Domination Gamemodes - Versus
44%
Hideout Maps
44%
Prison Maps
44%
Survival Gamemodes - Coop
44%
Tell Maps
44%
Ambush Gamemodes - Versus
33%
Citadel Maps
33%
Firefight Gamemodes - Versus
33%
Gap Maps
33%
Hardcore Checkpoint Gamemodes - Coop
33%
Bab Maps
22%
Farmhouse Maps
22%
Ministry Maps
22%
Outpost Gamemodes - Coop
22%
Power Plant Maps
22%
Precinct Maps
22%
Refinery Maps
22%
Defusal Gamemodes - Versus
11%
Hillside Maps
11%
LastLight Maps
11%
Outskirts Maps
11%
Summit Maps
11%
Tideway Maps
11%
No matching quizzes found
Score Distribution
Percent of People with Each Score
Percentile by Number Answered
Your Score History
You have not taken this quiz